| 000 | 00697nam a2200241Ia 4500 | ||
|---|---|---|---|
| 005 | 20260430150343.0 | ||
| 008 | 008 250103s9999 xx 000 0 eng d | ||
| 037 | _aTheses | ||
| 040 | _aCRL | ||
| 040 | _beng | ||
| 040 | _ceng | ||
| 041 | _2eng | ||
| 041 | _aeng | ||
| 084 | _qCRL | ||
| 100 |
_aHangzo Siamlianvung Au.; Raj Kumar Gu. _91237238 |
||
| 245 | 0 | _aAbsent Voices: A Study of the Representation of Women and Secular Themes in Pre-Christian and Post-Christian Paite Narratives | |
| 260 | _c2023 | ||
| 300 | _a207 | ||
| 650 | _aEnglish Literature | ||
| 700 |
_aUniversity of Delhi. Faculty of Arts. Deptt. of English _91237239 |
||
| 942 | _cTH | ||
| 999 |
_c1849584 _d1849584 |
||